Регионална библиотека "Любен Каравелов" - Русе

История на България 681 - 1945 (Запис номер 108015)

MARC детайли
000 -Лидер
Контролно поле с фиксирана дължина 01237nam a2200337 c 4500
003 - Код на организацията, давaща контролен номер
Контролно поле BLK
005 - Дата и час на последна редакция
Контролно поле 20250119004108.0
008 - Елементи от данни с фиксирана дължина
fixed length control field 180409b bul|||||r ||||||| ||bul||
010 ## - Наследен системен номер
LC control number KNG00113313000
020 ## - Международен стандартен номер на книга ISBN
Международен стандартен номер на книга ISBN 954-8981-34-3
-- издат.: Нова звезда
040 ## - Източник на каталожния запис
Идентификатор на билиотеката - собственик на записа BLK
041 ## - Код за език
Код за езика на текст/звукозапис или на отделно заглавие Български
Код за езика КДБФ Български
080 ## - УДК
Текстов определител УДК История на България
УДК код - определител по УДК 94(497.2)
УДК определител (075.4)
УДК - код + определител 94(497.2)(075.4)
100 1# - Редна дума - Автор
Автор Аначков, Михаил Методиев
Авторска отговорност първи автор
R(LIN) 256518
139 ## - Редно поле
Редна дума Аначков, Михаил Методиев
Авторски знак Ан - А 64
245 10 - Сведения за заглавието
Заглавие История на България 681 - 1945
Подзаглавни данни Примерни кандидатстудентски теми
Редно поле (дума) Михаил Методиев Аначков.
257 ## - Страна на издаване
Страна на създаване/издаване България
260 ## - Област на издателските данни
-- София
Име на издателя, разпространителя и проч. Нова звезда
Година на издаване 2004
300 ## - Физическа характеристика
Страници 334 с.
Размери/Мащаб 23 см
380 ## - Жанр
Жанр История
650 #0 - Допълнително описание по предмет – тема
Основно описание – тема или топоним България - история
9 (RLIN) 244493
653 ## - Ключова дума – ненормативна
Ключова дума история
653 ## - Ключова дума – ненормативна
Ключова дума България
653 ## - Ключова дума – ненормативна
Ключова дума кандидатстудентски изпити
852 ## - Местоположение
Форматна сигнатура Цб 219734
856 4# - Електронен адрес и достъп
Електронен формат pdf - файл
Път до файла /url/
856 4# - Електронен адрес и достъп
Електронен формат pdf - файл
Път до файла /url/
942 ## - АРТИКУЛИ
Вид на библиотечния материал Книги
Скрит в OPAC Не
944 ## - СЪЗДАВАНЕ И РЕДАКЦИЯ на ЗАПИСА
Създаване/Редакция Създаване
Дата на регистрацията/редакция 01.06.2004
Служител, извършил регистрацията/редакцията
Статус, дата на статуса CRON CRON
944 ## - СЪЗДАВАНЕ И РЕДАКЦИЯ на ЗАПИСА
Създаване/Редакция Редакция
Дата на регистрацията/редакция 02.06.2004
Служител, извършил регистрацията/редакцията
999 ## - СИСТЕМНИ КОНТРОЛНИ НОМЕРА
Koha biblionumber 108015
Koha biblioitemnumber 108015
Наличности
Код за отписване Код за изгубен артикул Източник на класификационната схема Код за повреда Коз за рестрикции Код за отдаване Артикулен № Име на библиотеката - собственик Име на библиотеката, в която се намира в момента Статус (Текущо местоположение) Дата на вписване в системата Местоположение - отдел Цена в лева Инвентарен номер Систематично азбучна сигнатура Баркод Номер на екземпляра Цена в евро Служебна бележка Служебен тип на артикула
Изтеглен Не е изгубен Universal Decimal Classification Не е повреден без рестрикции заемане за дома 174177 Регионална библиотека "Любен Каравелов" Русе Регионална библиотека "Любен Каравелов" Русе Заемна - подръчен фонд 2004-05-31 Заемна - подръчен фонд 8.00 120000685771 П 949.72(075)/А 64 120000685771 1 4.09 Дост: Pk Вид: Ф N: 3 Дата: 30.05.2004 Книги
  Не е изгубен Universal Decimal Classification Не е повреден без рестрикции ползва се в читалня 174178 Регионална библиотека "Любен Каравелов" Русе Регионална библиотека "Любен Каравелов" Русе Читалня 2004-05-31 Читалня 8.00 120000685772 Ч 94(497.2)/А 64 М 120000685772 2 4.09 Дост: Pk Вид: Ф N: 3 Дата: 30.05.2004 Дата инв: 28.03.2017 Бележки инв: Ч2017 Книги
Vip Innovations Ltd, Rousse, Bulgaria 2025